PR-SOF-1237-CONTROL UNIT OF A SMALL CNC (Record no. 578152)
[ view plain ]
| 000 -LEADER | |
|---|---|
| fixed length control field | 00339nam a22001217a 4500 |
| 082 ## - DEWEY DECIMAL CLASSIFICATION NUMBER | |
| Classification number | 220 PRO |
| 100 ## - MAIN ENTRY--PERSONAL NAME | |
| Personal name | SAJJAD, TALHA, MASHOOD, ADEEM, |
| 9 (RLIN) | 71868 |
| 245 ## - TITLE STATEMENT | |
| Title | PR-SOF-1237-CONTROL UNIT OF A SMALL CNC |
| 260 ## - PUBLICATION, DISTRIBUTION, ETC. | |
| Place of publication, distribution, etc. | ISLAMABAD |
| Name of publisher, distributor, etc. | NUST COLLEGE OF EME |
| Date of publication, distribution, etc. | 2013 |
| 650 ## - SUBJECT ADDED ENTRY--TOPICAL TERM | |
| Topical term or geographic name entry element | DE-MTS-31 |
| 9 (RLIN) | 71869 |
| 700 ## - ADDED ENTRY--PERSONAL NAME | |
| Personal name | SUPERVISOR SALEEM |
| 9 (RLIN) | 71870 |
| 942 ## - ADDED ENTRY ELEMENTS (KOHA) | |
| Koha item type | Continuing Resources |
| Withdrawn status | Lost status | Damaged status | Not for loan | Permanent Location | Current Location | Shelving location | Date acquired | Total Checkouts | Full call number | Barcode | Date last seen | Price effective from | Koha item type |
|---|---|---|---|---|---|---|---|---|---|---|---|---|---|
| College of Electrical & Mechanical Engineering (CEME) | College of Electrical & Mechanical Engineering (CEME) | Reference | 12/09/2019 | 220 PRO | PR-SOF-1237 | 06/28/2021 | 06/28/2021 | Continuing Resources |
